000 00704nam a2200265Ia 4500
003 OSt
005 20221007075426.0
006 a|||||r|||| 00| 0
007 ta
008 221006b |||||||| |||| 00| 0 eng d
020 _a8180380505
024 _a2,838
037 _cTextual
040 _aFLL
_cFLL
_beng
041 _2eng
_aeng
082 _aZ3,6, P4
100 _aNorth Sir Peter Au.
245 0 _aPrivate international law
250 _a13th
260 _aNew Delhi
_bLexis Nexis India
_c2004
650 _aPrivate International Law
700 _a Fawcett J.J. Au.
942 _hZ3,6, P4
_cTEXL
_2CC
999 _c1156040
_d1156040